Name a Valid Capital Beginning with A–Z - Statistics

General Stats
  • This quiz has been taken 629 times
  • The average score is 22 of 24
Answer Stats
Hint # Answer % Correct
B 26 Baghdad | Baku | Bamako | Bandar Seri Begawan | Bangkok | Bangui | Banjul | Basseterre | Beijing | Beirut | Belgrade | Belmopan | Berlin | Bern | Bishkek | Bissau | Bloemfontein | Bogotá | Brasília | Bratislava | Brazzaville | Bridgetown | Brussels | Bucharest | Budapest | Buenos Aires
100%
A 16 Abu Dhabi | Abuja | Accra | Addis Ababa | Algiers | Amman | Amsterdam | Andorra la Vella | Ankara | Antananarivo | Apia | Ashgabat | Asmara | Astana | Asunción | Athens
99%
C 11 Cairo | Canberra | Cape Town | Caracas | Castries | Chișinău | Conakry | Copenhagen | Cotonou | Ciudad de la Paz
99%
M 18 Madrid | Majuro | Malé | Managua | Manama | Manila | Maputo | Maseru | Mbabane | Mexico City | Minsk | Mogadishu | Monaco | Monrovia | Montevideo | Moroni | Moscow | Muscat
98%
D 9 Dakar | Damascus | Dhaka | Dili | Djibouti | Dodoma | Doha | Dublin | Dushanbe
97%
L 11 La Paz | Libreville | Lilongwe | Lima | Lisbon | Ljubljana | Lomé | London | Luanda | Lusaka | Luxembourg
97%
P 17 Palikir | Panama City | Paramaribo | Paris | Phnom Penh | Podgorica | Port-au-Prince | Port Louis | Port Moresby | Port-of-Spain | Port Vila | Porto-Novo | Prague | Praia | Pretoria | Pristina | Pyongyang
97%
S 19 Saint George's | Saint John's | San José | San Marino | San Salvador | Sana'a | Santiago | Santo Domingo | São Tomé | Sarajevo | Seoul | Singapore | Skopje | Sofia | South Tarawa | Sri Jayewardenepura Kotte | Stockholm | Sucre | Suva
97%
W 4 Warsaw | Washington D.C. | Wellington | Windhoek
97%
H 5 Hanoi | Harare | Havana | Helsinki | Honiara
95%
K 11 Kabul | Kampala | Kathmandu | Khartoum | Kigali | Kingston | Kingstown | Kinshasa | Kuala Lumpur | Kuwait City | Kyiv
95%
T 11 Taipei | Tallinn | Tashkent | Tbilisi | Tegucigalpa | Tehran | Thimphu | Tirana | Tokyo | Tripoli | Tunis
95%
V 7 Vaduz | Valletta | Vatican City | Victoria | Vienna | Vientiane | Vilnius
95%
O 3 Oslo | Ottawa | Ouagadougou
94%
J 3 Jakarta | Jerusalem | Juba
93%
R 6 Rabat | Reykjavik | Riga | Riyadh | Rome | Roseau
93%
N 10 Nairobi | Nassau | Naypyidaw | N'Djamena | New Delhi | Ngerulmud | Niamey | Nicosia | Nouakchott | Nuku'alofa
91%
G 4 Gaborone | Georgetown | Gitega | Guatemala City
87%
Q 1 Quito
84%
U 1 Ulaanbaatar
83%
Y 4 Yamoussoukro | Yaoundé | Yaren | Yerevan
82%
Z 1 Zagreb
81%
I 1 Islamabad
77%
F 2 Freetown | Funafuti
72%
No matching quizzes found
Score Distribution
Percent of People with Each Score
Percentile by Number Answered
Your Score History
You have not taken this quiz